000 00683nam a2200217 a 4500
001 000047755
005 20240412074306.0
008 090701s2014 dr 000 0 spa d
020 _a9789945475890
040 _aDO-SdBNP
082 _aRD861.44
_bR763a
100 1 _aRomero, Argénida
_d1980-
_97102
245 1 0 _aArraiga /
_cArgénida Romero.
260 _aSanto Domingo :
_bFerilibro,
_c2014.
300 _a58 p. ;
_c23 cm.
590 _aInventariado, 2018/ YL
586 _aPremio Joven de Poesía Feria del Libro, 2013.
500 _aIncluye datos biografícos de la autora en la contracubierta.
650 0 _aPoesía dominicana
_966
650 0 _aLiteratura dominicana.
_967
999 _c47243
_d47243